000 00237nam a22000977a 4500
008 160507b xxu||||| |||| 00| 0 eng d
041 _aeng
080 _a616
245 _aArchives of pathology & laboratory medicine:
_cCAP;
942 _2udc
_cBK
999 _c1888
_d1888